[Event "Online Olym Div2 C 2020"]
[Site "chess.com INT"]
[Date "2020.08.16"]
[Round "7.5"]
[Board "2"]
[White "Ahmad, Al Khatib"]
[Black "Pedmanson, Herman"]
[Result "1-0"]
[WhiteTitle "IM"]
[WhiteElo "2254"]
[BlackElo "1867"]
[WhiteTeam "Jordan"]
[BlackTeam "Estonia"]
[WhiteFideId "8103178"]
[BlackFideId "4505786"]
[EventDate "2020.08.14"]
[EventType "team"]

1. Nf3 b5 2. g3 Bb7 3. Bg2 Nf6 4. O-O c5 5. d3 e6 6. e4 Be7 7. Re1 O-O 8. e5 Nd5
9. c4 bxc4 10. dxc4 Nb6 11. b3 d5 12. exd6 Qxd6 13. Qxd6 Bxd6 14. Nc3 Na6 15.
Nb5 Be7 16. a3 Rfd8 17. Bf4 g5 18. Bxg5 Bxg5 19. Nxg5 Bxg2 20. Kxg2 Rd3 21. Rab1
Rd7 22. Ne4 Kg7 23. Red1 Rad8 24. Nec3 Kf6 25. Rxd7 Rxd7 26. Rd1 Ke5 27. Rxd7
Nxd7 28. f4+ Kf5 29. Kf3 h5 30. h3 Nf6 31. g4+ hxg4+ 32. hxg4+ Kg6 33. Nxa7 Nd7
34. Nc6 f5 35. b4 fxg4+ 36. Kxg4 Nb6 37. Ne5+ Kf6 38. b5 Nc7 39. a4 1-0

[Event "Online Olym Div2 C 2020"]
[Site "chess.com INT"]
[Date "2020.08.16"]
[Round "7.5"]
[Board "3"]
[White "Viikmaa, Karmen"]
[Black "Boshra, Alshaeby"]
[Result "1-0"]
[BlackTitle "WFM"]
[WhiteElo "1720"]
[BlackElo "2033"]
[WhiteTeam "Estonia"]
[BlackTeam "Jordan"]
[WhiteFideId "4502620"]
[BlackFideId "8102937"]
[EventDate "2020.08.14"]
[EventType "team"]

1. Nf3 g6 2. g3 Bg7 3. Bg2 c5 4. O-O Nc6 5. d3 d6 6. e4 e5 7. c3 Nge7 8. Nbd2
O-O 9. a4 h6 10. Qe2 Be6 11. Re1 f5 12. Nc4 f4 13. Bd2 g5 14. h3 g4 15. hxg4
Bxg4 16. Kh2 Ng6 17. Rh1 Qf6 18. Raf1 Rf7 19. Bc1 Raf8 20. Ncd2 Nd8 21. Kg1 Ne6
22. Bh3 h5 23. Bxg4 hxg4 24. Nh2 f3 25. Qe3 Ngf4 26. Nxg4 Qg5 27. Rh4 Ne2+ 28.
Kh2 Qxe3 29. Nxe3 Bf6 30. Rh5 Bg5 31. Ndc4 Rh7 32. Rxh7 Kxh7 33. Nxd6 Kg6 34.
Kh3 b6 35. Ndf5 Nc7 36. Kg4 Rd8 37. Kxf3 Nxc1 38. Rxc1 Rxd3 39. Rd1 Rxd1 40.
Nxd1 Ne6 41. Nd6 Bc1 42. Nc8 Ng5+ 43. Ke2 Nxe4 44. Nxa7 Nd6 45. Nc6 Nc4 46. b3
Nd6 47. Nxe5+ Kf5 48. Nd3 Bh6 49. Ne3+ Ke6 50. Ng4 Bg7 51. Kd2 Ne4+ 52. Ke3 Nxc3
53. Nf4+ Kd6 54. Nh5 Bd4+ 55. Kd3 Nd5 56. f4 Nb4+ 57. Kc4 Nc2 58. Nhf6 Ke6 59.
Ne4 Kf5 60. Ngf2 Na3+ 61. Kd5 Nb1 62. Kc6 Be3 63. Nd6+ Ke6 64. Nfe4 Na3 65. Nc8
Kf5 66. Ned6+ Kg4 67. Nxb6 Kxg3 68. Nd5 Bg1 69. a5 Nc2 70. f5 Kg4 71. f6 Nd4+
72. Kd7 Nf3 73. a6 Ne5+ 74. Ke6 Nc6 75. f7 Nd8+ 76. Ke7 Nxf7 77. Kxf7 c4 78.
Nxc4 Kf5 79. Ke7 Ke4 80. Ndb6 Kd4 81. Kd7 Kc5 82. Kc7 Kb5 83. a7 Bh2+ 84. Kb7
Bd6 85. a8=Q Bc5 86. Qa4# 1-0

[Event "Online Olym Div2 C 2020"]
[Site "chess.com INT"]
[Date "2020.08.16"]
[Round "7.5"]
[Board "5"]
[White "Garanin, Aleksei"]
[Black "Saif, Malek"]
[Result "1-0"]
[WhiteTitle "FM"]
[BlackTitle "CM"]
[WhiteElo "2233"]
[BlackElo "2168"]
[WhiteTeam "Estonia"]
[BlackTeam "Jordan"]
[WhiteFideId "4504950"]
[BlackFideId "8104220"]
[EventDate "2020.08.14"]
[EventType "team"]

1. d4 Nf6 2. c4 c5 3. d5 b5 4. cxb5 a6 5. bxa6 Bxa6 6. Nc3 g6 7. Nf3 Bg7 8. g3
d6 9. Bg2 O-O 10. O-O Nbd7 11. Rb1 Qa5 12. Qc2 Rfb8 13. Bd2 Ng4 14. b3 Nge5 15.
Nxe5 Nxe5 16. a4 Rb7 17. Rfe1 Rab8 18. Na2 Qc7 19. b4 Nc4 20. b5 Na3 21. Qd3
Nxb1 22. Rxb1 c4 23. Qc2 Bxb5 24. axb5 Rxb5 25. Rxb5 Rxb5 26. Nc3 Rb3 27. h4 Qb6
28. Nd1 Qb5 29. Kh2 f5 30. Bg5 Kf7 31. e4 Rd3 32. exf5 gxf5 33. Qe2 Bf6 34. Qe6+
Kg7 35. Bxf6+ exf6 36. Qe7+ Kg6 37. Ne3 c3 38. h5+ Kxh5 39. Qf7+ Kg5 40. Qg7+
Kh5 41. Bf3# 1-0

[Event "Online Olym Div2 C 2020"]
[Site "chess.com INT"]
[Date "2020.08.16"]
[Round "7.5"]
[Board "6"]
[White "Tala, Alnasser"]
[Black "Pool, Linda Maria"]
[Result "1-0"]
[WhiteElo "1431"]
[BlackElo "1148"]
[WhiteTeam "Jordan"]
[BlackTeam "Estonia"]
[WhiteFideId "8110328"]
[BlackFideId "4508882"]
[EventDate "2020.08.14"]
[EventType "team"]

1. d4 Nf6 2. Nf3 g6 3. Bg5 Bg7 4. e3 O-O 5. Bd3 d6 6. c3 Nbd7 7. Nbd2 a5 8. Rc1
c5 9. Bb1 Ne8 10. Qc2 f5 11. h4 Nef6 12. Ke2 b6 13. Rcg1 Ba6+ 14. Ke1 Bb7 15.
Rh3 Rf7 16. a3 Bd5 17. Rgh1 Rc8 18. Qa4 cxd4 19. exd4 Ra8 20. c4 Bb7 21. Qb3 Bc6
22. Qe3 Bb7 23. Bh6 Rc8 24. Bxg7 Rxg7 25. d5 Kf8 26. Ng5 Kg8 27. Ne6 Qe8 28.
Nxg7 Kxg7 29. h5 Nxh5 30. Rxh5 gxh5 31. Bxf5 Rc7 32. Qg5+ Kh8 33. Rxh5 Qf7 34.
Rxh7+ Qxh7 35. Bxh7 Kxh7 36. Qh4+ Kg8 37. Nf3 Ne5 38. Nxe5 dxe5 39. Qg4+ Kf8 40.
Qf5+ Ke8 41. Qxe5 Rd7 42. Qb8+ Kf7 43. Qf4+ Ke8 44. g4 Rd6 45. g5 Kd7 46. Qf5+
Ke8 47. Qe5 Kf7 48. f4 Bc8 49. f5 Bd7 50. g6+ Kf8 51. g7+ Kg8 52. Kf2 Kf7 53.
Kf3 Bc8 54. Kg4 Bb7 55. Kg5 Bc8 56. Kf4 Bb7 57. Ke4 Bc8 58. Kd4 Bb7 59. Kc3 Bc8
60. Kb3 Ba6 61. Kc3 Bc8 62. b4 axb4+ 63. axb4 Ba6 64. c5 bxc5 65. bxc5 Rf6 66.
Kb4 Bc8 67. c6 Bxf5 68. Kc5 Bc8 69. Qh5+ Kxg7 70. Qg5+ Kf7 71. Qh5+ Kg7 72. Qe5
Kf7 73. Kb6 Rd6 74. Kc7 Rf6 75. Kxc8 Ke8 76. Qh5+ Kf8 77. c7 Rd6 78. Qf5+ Rf6
79. Qd7 Rd6 80. Qxd6 exd6 81. Kd7 Kf7 82. c8=Q Kf6 83. Qe8 Kf5 84. Qe7 Kf4 85.
Qxd6+ Kf5 86. Qe6+ Kf4 87. Kc6 Kg5 88. d6 Kf4 89. d7 Kg5 90. d8=Q+ Kf4 91. Qf8+
Kg5 92. Qee7+ Kg6 93. Qeg7+ Kh5 94. Qfh8# 1-0

[Event "Online Olym Div2 C 2020"]
[Site "chess.com INT"]
[Date "2020.08.16"]
[Round "8.1"]
[Board "1"]
[White "Shirov, Alexei"]
[Black "Mansour, Sameer"]
[Result "1/2-1/2"]
[WhiteTitle "GM"]
[BlackTitle "IM"]
[WhiteElo "2647"]
[BlackElo "2308"]
[WhiteTeam "Spain"]
[BlackTeam "Jordan"]
[WhiteFideId "2209390"]
[BlackFideId "8100144"]
[EventDate "2020.08.14"]
[EventType "team"]

1. e4 d6 2. d4 Nf6 3. Nc3 e5 4. Nf3 exd4 5. Nxd4 Be7 6. g3 O-O 7. Bg2 Re8 8. O-O
Bf8 9. h3 Nc6 10. Nde2 g6 11. g4 Bg7 12. Ng3 Nd7 13. Nd5 Nb6 14. f4 Nxd5 15.
exd5 Qh4 16. Kh2 Nd4 17. c3 Ne2 18. Nxe2 Bxg4 19. Re1 Re7 20. Kg1 Bh5 21. Bf1
Rae8 22. Kg2 g5 23. fxg5 Re3 24. Bxe3 Rxe3 25. Kg1 Qxg5+ 26. Bg2 Bf3 27. Nf4
Bxd1 28. Rxe3 Qxf4 29. Re8+ Bf8 30. Rxd1 Kg7 31. Re4 Qh6 32. Rf1 f6 33. h4 Kf7
34. Ref4 Be7 35. Bh3 Qg6+ 36. Kh2 Qd3 37. Be6+ Ke8 38. c4 c6 39. Bf5 Qd2+ 40.
R1f2 Qe3 41. Bxh7 Kd8 42. Bf5 Bf8 43. Kg2 Kc7 44. Re4 Qh6 45. b4 cxd5 46. cxd5
Qh8 47. Rg4 Bh6 48. a4 a6 49. Rc2+ Kb6 50. Rc8 Bf8 51. a5+ Ka7 52. Be6 Qh6 53.
Rg8 Qd2+ 54. Kf3 Qd3+ 55. Kf4 Bh6+ 56. Kg4 Qe2+ 57. Kf5 Qh5+ 58. Kxf6 Qxh4+ 59.
Kg6 Qg5+ 60. Kh7 Qe7+ 61. Kxh6 Qh4+ 62. Kg6 Qg3+ 63. Kf7 Qf4+ 64. Ke7 Qh4+ 65.
Kd7 Qh7+ 66. Kxd6 Qh2+ 67. Kd7 Qh7+ 68. Ke8 Qh5+ 69. Bf7 Qe5+ 70. Kd7 Qf5+ 71.
Be6 Qh7+ 72. Kd6 Qh2+ 73. Ke7 Qh4+ 74. Kd7 Qh7+ 1/2-1/2

[Event "Online Olym Div2 C 2020"]
[Site "chess.com INT"]
[Date "2020.08.16"]
[Round "8.1"]
[Board "2"]
[White "Ahmad, Al Khatib"]
[Black "Perez Candelario, Manuel"]
[Result "0-1"]
[WhiteTitle "IM"]
[BlackTitle "GM"]
[WhiteElo "2254"]
[BlackElo "2612"]
[WhiteTeam "Jordan"]
[BlackTeam "Spain"]
[WhiteFideId "8103178"]
[BlackFideId "2210622"]
[EventDate "2020.08.14"]
[EventType "team"]

1. Nf3 Nf6 2. g3 g6 3. b3 Bg7 4. Bb2 O-O 5. Bg2 d6 6. d4 a5 7. a3 Bf5 8. O-O Qc8
9. Nbd2 Bh3 10. e4 Qg4 11. Bxh3 Qxh3 12. Ng5 Qc8 13. e5 dxe5 14. dxe5 Ng4 15. e6
Bxb2 16. Qxg4 f5 17. Qh4 h5 18. Rad1 Ra6 19. Nc4 Bf6 20. Qf4 a4 21. Ne3 axb3 22.
cxb3 c6 23. Nxf5 Ra5 24. Nh6+ Kg7 25. Ngf7 Qxe6 26. Rfe1 Qxb3 27. Nd8 g5 28. Qb4
Qxa3 29. Ne6+ Kxh6 30. Qxa3 Rxa3 31. Nxf8 Na6 32. Nd7 Nb4 33. Nxf6 exf6 34. Re6
Kg6 35. Rd7 b5 36. f4 gxf4 37. Rdd6 Nd5 38. Rxc6 fxg3 39. hxg3 Rxg3+ 40. Kf2 Rg5
41. Re8 Rf5+ 42. Kg3 Rg5+ 43. Kf3 Kf7 44. Rb8 b4 45. Rb7+ Kg6 46. Rc8 Rf5+ 47.
Kg3 Re5 48. Rg8+ Kf5 49. Kf3 Re3+ 50. Kf2 Re5 51. Kf3 Re3+ 52. Kf2 Rd3 53. Rh8
Nf4 54. Rb5+ Kg4 55. Rxb4 Rd2+ 56. Ke1 Rd5 57. Rg8+ Kf3 58. Rb3+ Ke4 59. Re8+
Kf5 60. Kf2 Nd3+ 61. Ke3 Ne5 62. Rh8 Kg5 63. Rb1 Ra5 64. Rb7 Ra3+ 65. Ke4 Ra4+
66. Ke3 Ng4+ 67. Ke2 Ra2+ 68. Kd3 Ne5+ 69. Ke3 Ra3+ 70. Ke4 Ra4+ 71. Ke3 Rh4 72.
Rg7+ Kf5 73. Rgh7 Rh3+ 74. Ke2 Kg6 75. Rh6+ Kg5 76. R6h7 Rh2+ 77. Ke3 Ng4+ 78.
Kd3 f5 79. Rg7+ Kf4 80. Rgh7 Rh3+ 81. Kd2 Nf6 82. Rf7 Ne4+ 83. Ke2 h4 84. Rfh7
Rh2+ 85. Kd3 h3 86. Rh4+ Kg3 87. R4h7 Nf2+ 88. Ke3 Ng4+ 89. Kd4 Rh1 90. Rf8 Rd1+
91. Kc3 Rf1 92. Rfh8 h2 93. Rh3+ Kg2 94. R8h5 f4 95. R5h4 Rf3+ 96. Rxf3 Kxf3 97.
Kd2 Kg3 98. Rh8 Kg2 99. Ke2 f3+ 100. Kd3 f2 101. Rg8 f1=Q+ 0-1

[Event "Online Olym Div2 C 2020"]
[Site "chess.com INT"]
[Date "2020.08.16"]
[Round "8.1"]
[Board "3"]
[White "Matnadze, Ana"]
[Black "Boshra, Alshaeby"]
[Result "1-0"]
[WhiteTitle "IM"]
[BlackTitle "WFM"]
[WhiteElo "2421"]
[BlackElo "2033"]
[WhiteTeam "Spain"]
[BlackTeam "Jordan"]
[WhiteFideId "13601377"]
[BlackFideId "8102937"]
[EventDate "2020.08.14"]
[EventType "team"]

1. d4 Nf6 2. Nf3 g6 3. g3 Bg7 4. Bg2 O-O 5. O-O d6 6. c4 Nc6 7. Nc3 a6 8. d5 Na5
9. Nd2 c5 10. Rb1 Rb8 11. b3 b5 12. Bb2 bxc4 13. bxc4 Bh6 14. Ba1 Rxb1 15. Ncxb1
Qb6 16. Qc2 Bg4 17. h3 Bd7 18. f4 Rb8 19. e4 Qb4 20. Bc3 Qb6 21. Na3 Qc7 22. g4
Bg7 23. e5 Ne8 24. Nf3 e6 25. Re1 Bh6 26. Ng5 Nb7 27. Qe2 Nd8 28. exd6 Qxd6 29.
Be5 Qb6 30. Rb1 Qxb1+ 31. Nxb1 Rxb1+ 32. Kh2 f6 33. dxe6 fxe5 34. exd7 Nd6 35.
Bd5+ Kg7 36. Qxe5+ 1-0

[Event "Online Olym Div2 C 2020"]
[Site "chess.com INT"]
[Date "2020.08.16"]
[Round "8.1"]
[Board "4"]
[White "Alattar, Ghayda M."]
[Black "Hernandez Estevez, Yudania"]
[Result "0-1"]
[WhiteTitle "WFM"]
[BlackTitle "WIM"]
[WhiteElo "1868"]
[BlackElo "2197"]
[WhiteTeam "Jordan"]
[BlackTeam "Spain"]
[WhiteFideId "8101531"]
[BlackFideId "2219344"]
[EventDate "2020.08.14"]
[EventType "team"]

1. d4 d5 2. Nc3 c6 3. e4 dxe4 4. Nxe4 Bf5 5. Ng3 Bg6 6. Nf3 Nd7 7. h4 h6 8. h5
Bh7 9. Bd3 Bxd3 10. Qxd3 e6 11. Bf4 Qa5+ 12. c3 Ngf6 13. Ne5 Nxe5 14. Bxe5 O-O-O
15. O-O Qxe5 16. dxe5 Rxd3 17. exf6 gxf6 18. Rad1 Rxd1 19. Rxd1 Be7 20. Kf1 Rg8
21. Ke2 Rg5 22. Kf3 Kc7 23. Rd3 f5 24. Rd4 Bf6 25. Rd1 Be5 26. Rh1 Rg8 27. Re1
Bd6 28. c4 Rg4 29. b3 Rf4+ 30. Ke2 Rh4 31. Kf3 Rd4 32. Nf1 Rf4+ 33. Ke2 Re4+ 34.
Kd1 Rh4 35. Nd2 Bb4 36. Re2 Bxd2 37. Kxd2 Rxh5 38. Kd3 Kd6 39. f4 Rh2 40. b4 b6
41. a4 h5 42. Ke3 h4 43. Rd2+ Kc7 44. c5 h3 45. gxh3 Rxh3+ 46. Kd4 Rb3 47. Kc4
Re3 48. Rf2 Re4+ 49. Kc3 bxc5 50. bxc5 Rxa4 51. Kd3 a5 52. Ke3 Ra3+ 53. Kd4 Kd7
54. Rd2 Ke7 55. Rb2 Ra4+ 56. Ke3 Rb4 57. Ra2 a4 58. Kf3 Rb3+ 59. Kf2 a3 60. Ke1
f6 61. Kd1 e5 62. fxe5 fxe5 63. Re2 e4 64. Rf2 Ke6 65. Kc1 e3 66. Rg2 Ke5 67.
Rh2 f4 68. Rh5+ Ke4 69. Rh3 Rc3+ 70. Kb1 Rxc5 71. Ka2 e2 72. Rh1 f3 73. Kxa3 f2
74. Rh4+ Ke3 75. Rh3+ Kd2 76. Kb4 Rb5+ 77. Kc4 e1=Q 78. Rd3+ Ke2 79. Re3+ Kf1
80. Rxe1+ fxe1=Q 0-1

[Event "Online Olym Div2 C 2020"]
[Site "chess.com INT"]
[Date "2020.08.16"]
[Round "8.1"]
[Board "5"]
[White "Henderson de La Fuente, Lance"]
[Black "Saif, Malek"]
[Result "1-0"]
[WhiteTitle "GM"]
[BlackTitle "CM"]
[WhiteElo "2491"]
[BlackElo "2168"]
[WhiteTeam "Spain"]
[BlackTeam "Jordan"]
[WhiteFideId "32096585"]
[BlackFideId "8104220"]
[EventDate "2020.08.14"]
[EventType "team"]

1. d4 Nf6 2. Nf3 d6 3. Nc3 g6 4. e4 Bg7 5. h3 O-O 6. Be3 Nbd7 7. Be2 e5 8. dxe5
Nxe5 9. Nxe5 dxe5 10. Bc4 c6 11. a4 Qe7 12. O-O Be6 13. Qe2 b6 14. Rfd1 Rfd8 15.
Bxe6 Qxe6 16. Rxd8+ Rxd8 17. Qa6 Ra8 18. Qb7 Qc8 19. Qxc8+ Rxc8 20. a5 Rb8 21.
axb6 axb6 22. Ra6 b5 23. Rxc6 b4 24. Nd5 Nxe4 25. g4 h5 26. f3 Ng3 27. Kf2 h4
28. Bg5 b3 29. Bxh4 Nh1+ 30. Kg2 e4 31. fxe4 Bxb2 32. Kxh1 Be5 33. cxb3 Rxb3 34.
Bf6 Rb1+ 35. Kg2 Rb2+ 36. Kf1 Rb1+ 37. Ke2 Bxf6 38. Nxf6+ Kg7 39. Nd5 Rh1 40.
Rc3 Rh2+ 41. Kf1 Rh1+ 42. Kg2 Re1 43. Re3 Rd1 44. Nf4 Rd2+ 45. Re2 Rd4 46. Kg3
Ra4 47. e5 Ra3+ 48. Kg2 Ra4 49. Kf3 Ra3+ 50. Re3 Ra1 51. e6 fxe6 52. Rxe6 Ra3+
53. Re3 Ra1 54. Re7+ Kf6 55. Re6+ Kf7 56. Rb6 Ra3+ 57. Kg2 Ra2+ 58. Kg3 g5 59.
Nd5 Ra3+ 60. Kg2 Ra2+ 61. Kf3 Ra3+ 62. Ne3 Kg7 63. Ke4 Ra4+ 64. Ke5 Ra5+ 65. Nd5
Ra3 66. Kf5 Rxh3 67. Kxg5 Rd3 68. Rb7+ Kf8 69. Nf4 Ra3 70. Kf6 Ra6+ 71. Ne6+ Ke8
72. Re7# 1-0

[Event "Online Olym Div2 C 2020"]
[Site "chess.com INT"]
[Date "2020.08.16"]
[Round "8.1"]
[Board "6"]
[White "Tala, Alnasser"]
[Black "Eizaguerri Floris, Maria"]
[Result "0-1"]
[BlackTitle "WFM"]
[WhiteElo "1431"]
[BlackElo "2167"]
[WhiteTeam "Jordan"]
[BlackTeam "Spain"]
[WhiteFideId "8110328"]
[BlackFideId "32065752"]
[EventDate "2020.08.14"]
[EventType "team"]

1. d4 d5 2. Nf3 Nf6 3. Bg5 Ne4 4. Nbd2 Nxg5 5. Nxg5 h6 6. Ngf3 Bf5 7. e3 e6 8.
c3 c6 9. g3 Bd6 10. Bg2 Nd7 11. Nh4 Bh7 12. f4 O-O 13. O-O Nf6 14. Qe2 Ne4 15.
Nxe4 dxe4 16. f5 exf5 17. Nxf5 Bxf5 18. Rxf5 Qe7 19. Raf1 Qe6 20. a3 Rae8 21.
Qd1 Qc4 22. Qg4 Qe6 23. Qd1 b6 24. Qa4 Bb8 25. Qd1 a5 26. d5 cxd5 27. Qxd5 Bd6
28. b4 axb4 29. axb4 g6 30. Qxe6 Rxe6 31. Rd5 f5 32. Rfd1 Be7 33. Rd7 Rc8 34.
Rc1 Bxb4 35. c4 Rd6 36. Rxd6 Bxd6 37. Kf2 Kf7 38. Bf1 Ra8 39. Rc2 Ra3 40. Rd2
Bc5 41. Rd7+ Ke6 42. Rh7 Bxe3+ 43. Ke2 h5 44. h3 Bc5 45. g4 hxg4 46. hxg4 f4 47.
Rg7 Ra2+ 48. Ke1 Kf6 49. Rg8 f3 50. Re8 e3 51. Rf8+ Bxf8 0-1

[Event "Online Olym Div2 C 2020"]
[Site "chess.com INT"]
[Date "2020.08.16"]
[Round "8.2"]
[Board "1"]
[White "Pereira, Ruben"]
[Black "Sirosh, Ilja"]
[Result "0-1"]
[WhiteTitle "IM"]
[BlackTitle "IM"]
[WhiteElo "2440"]
[BlackElo "2405"]
[WhiteTeam "Portugal"]
[BlackTeam "Estonia"]
[WhiteFideId "1903063"]
[BlackFideId "4500458"]
[EventDate "2020.08.14"]
[EventType "team"]

1. e4 c6 2. d3 d5 3. Qe2 dxe4 4. dxe4 e5 5. Nf3 Qc7 6. g3 Nf6 7. Bg2 Bc5 8. O-O
O-O 9. Nbd2 a5 10. Nc4 Nbd7 11. Bg5 b5 12. Bxf6 bxc4 13. Bg5 c3 14. bxc3 Ba6 15.
c4 Nb6 16. Nd2 f6 17. Be3 Bxe3 18. Qxe3 Nxc4 19. Nxc4 Bxc4 20. Rfd1 c5 21. Qc3
Be6 22. Bf1 c4 23. Rd2 Rfd8 24. Rad1 Rxd2 25. Rxd2 g5 26. a3 Qc5 27. Rd1 Kg7 28.
Rb1 Rd8 29. Rb7+ Kg6 30. h4 g4 31. Be2 h5 32. a4 Rd4 33. Rb5 Qc6 34. f3 gxf3 35.
Bxf3 Bg4 36. Rd5 Qb6 37. Kg2 Bxf3+ 38. Qxf3 Rxd5 39. Qf5+ Kg7 40. exd5 Qd4 41.
Qd7+ Kg6 42. Qe8+ Kg7 43. Qxh5 Qxd5+ 44. Qf3 Qd2+ 45. Qf2 c3 46. Kf3 Qd5+ 47.
Ke2 Qd2+ 48. Kf1 Qd1+ 49. Kg2 e4 50. h5 Qd2 51. Kf1 e3 52. h6+ Kg6 53. Qf4 e2+ 0-1

[Event "Online Olym Div2 C 2020"]
[Site "chess.com INT"]
[Date "2020.08.16"]
[Round "8.2"]
[Board "2"]
[White "Pedmanson, Herman"]
[Black "Martins, David Pires Tavares"]
[Result "0-1"]
[BlackTitle "IM"]
[WhiteElo "1867"]
[BlackElo "2398"]
[WhiteTeam "Estonia"]
[BlackTeam "Portugal"]
[WhiteFideId "4505786"]
[BlackFideId "1909991"]
[EventDate "2020.08.14"]
[EventType "team"]

1. d4 d6 2. e4 Nf6 3. Nc3 g6 4. f3 c6 5. Be3 Nbd7 6. Qd2 b5 7. O-O-O Nb6 8. g4
Qc7 9. g5 Nfd7 10. f4 Bb7 11. b3 b4 12. Nb1 c5 13. d5 e6 14. Bc4 exd5 15. exd5
Nxc4 16. bxc4 O-O-O 17. c3 Nb6 18. Nf3 Nxc4 19. Qd3 Nxe3 20. Qxe3 Bg7 21. Rd2
Rhe8 22. Qd3 Kb8 23. cxb4 cxb4+ 24. Rc2 Qb6 25. Nbd2 Re3 26. Qf1 Bxd5 27. Nc4
Rxf3 28. Nxb6 Rxf1+ 29. Rxf1 axb6 30. Rd2 Be6 31. h4 Kc7 32. Rh1 Ra8 33. h5 Bxa2
34. hxg6 hxg6 35. Rh7 Bc3 36. Rc2 Bb3 0-1

[Event "Online Olym Div2 C 2020"]
[Site "chess.com INT"]
[Date "2020.08.16"]
[Round "8.2"]
[Board "3"]
[White "Jorge, Rita Maria Osorio"]
[Black "Viikmaa, Karmen"]
[Result "1-0"]
[WhiteTitle "WFM"]
[WhiteElo "1983"]
[BlackElo "1720"]
[WhiteTeam "Portugal"]
[BlackTeam "Estonia"]
[WhiteFideId "1923161"]
[BlackFideId "4502620"]
[EventDate "2020.08.14"]
[EventType "team"]

1. e4 c5 2. Nf3 Nc6 3. Bb5 e6 4. O-O Nge7 5. c3 a6 6. Ba4 b5 7. Bc2 g6 8. d4
cxd4 9. cxd4 d5 10. e5 Bg7 11. Nc3 O-O 12. Bf4 Qb6 13. Qd2 Nb4 14. Bb3 Nf5 15.
a4 Bd7 16. Rfd1 Rfc8 17. a5 Qc7 18. Bg5 Nc6 19. Ne2 h6 20. Bf6 Kh7 21. Bxg7 Kxg7
22. Rdc1 Qd8 23. Bc2 Qe7 24. h3 Kh7 25. g4 Ng7 26. Qf4 Be8 27. Qf6 Qb4 28. h4
Nxa5 29. h5 Nb3 30. Bxb3 Qxb3 31. hxg6+ fxg6 32. Kg2 Qd3 33. Rh1 Qe4 34. Rxh6+
Kxh6 35. Rh1+ Nh5 36. Rxh5# 1-0

[Event "Online Olym Div2 C 2020"]
[Site "chess.com INT"]
[Date "2020.08.16"]
[Round "8.2"]
[Board "5"]
[White "Martins, Bruno Andre Leite"]
[Black "Garanin, Aleksei"]
[Result "0-1"]
[BlackTitle "FM"]
[WhiteElo "2204"]
[BlackElo "2233"]
[WhiteTeam "Portugal"]
[BlackTeam "Estonia"]
[WhiteFideId "1942255"]
[BlackFideId "4504950"]
[EventDate "2020.08.14"]
[EventType "team"]

1. e4 c5 2. Nf3 d6 3. d4 cxd4 4. Nxd4 Nf6 5. Nc3 a6 6. Bd3 Nc6 7. Nxc6 bxc6 8.
O-O g6 9. f4 Bg7 10. Qf3 O-O 11. h3 Rb8 12. Rb1 Nd7 13. Be3 Qa5 14. Bd2 c5 15.
Qe2 e6 16. Kh1 Bb7 17. Bc4 Rfe8 18. Rbd1 Qb6 19. b3 d5 20. Bd3 f5 21. e5 Qc6 22.
Nb1 Nb6 23. Na3 c4 24. bxc4 Qc5 25. Bc1 Bf8 26. cxd5 Nxd5 27. Qf2 Qxf2 28. Rxf2
Nc3 29. Re1 Nxa2 30. Nc4 Nxc1 31. Rxc1 Bc5 32. Rff1 Bd5 33. Ra1 Rb4 34. Nd6 Bxd6
35. exd6 Rd8 36. Rxa6 Bb7 37. Ra7 Rxd6 38. Re1 Rb2 39. Bc4 Kf7 40. Bb3 Rb6 41.
Rd1 Ke7 42. Re1 Kf6 43. Kg1 Be4 44. Rd1 g5 45. fxg5+ Kxg5 46. Rxh7 Kf4 47. Rf1+
Ke3 48. Re7 R6xb3 49. Re1+ Kd2 50. Rxe4 fxe4 51. cxb3 e3 52. Rxe6 Rxb3 53. g4 e2
54. Kg2 Re3 55. Rd6+ Kc3 56. Rc6+ Kd4 57. Rc1 e1=Q 58. Rxe1 Rxe1 59. Kg3 Ke5 60.
Kh4 Kf6 61. Kh5 Kg7 62. h4 Re5+ 63. g5 Re4 64. g6 Re5+ 0-1

[Event "Online Olym Div2 C 2020"]
[Site "chess.com INT"]
[Date "2020.08.16"]
[Round "8.2"]
[Board "6"]
[White "Pool, Linda Maria"]
[Black "Avelino, Camila Biscaya"]
[Result "0-1"]
[WhiteElo "1148"]
[BlackElo "1732"]
[WhiteTeam "Estonia"]
[BlackTeam "Portugal"]
[WhiteFideId "4508882"]
[BlackFideId "1938975"]
[EventDate "2020.08.14"]
[EventType "team"]

1. d4 Nf6 2. Nf3 g6 3. c4 Bg7 4. Nc3 O-O 5. g3 d6 6. Bg2 Nbd7 7. O-O e5 8. d5 a5
9. e4 Nc5 10. Ne1 c6 11. Nd3 Nxd3 12. Qxd3 cxd5 13. cxd5 Nd7 14. Be3 f5 15. f4
exf4 16. Bxf4 Ne5 17. Qd2 Qb6+ 18. Be3 Nc4 19. Bxb6 Nxd2 20. Rfd1 Nxe4 21. Bxe4
fxe4 22. Nxe4 Bxb2 23. Rab1 Be5 24. Rbc1 Bg4 25. Re1 Rac8 26. Rxc8 Rxc8 27. Bxa5
Bd4+ 28. Kf1 Rc2 29. Rb1 Bf3 30. Ke1 Bxe4 31. Rxb7 Bxd5 32. Rb8+ Kg7 33. Rb1
Rxh2 34. Rd1 Rh1+ 35. Kd2 Rxd1+ 36. Kxd1 Bxa2 37. Kd2 Be5 38. g4 Be6 39. g5 Bf4+
40. Kd3 Bxg5 41. Bc3+ Bf6 42. Bxf6+ Kxf6 0-1

[Event "Online Olym Div2 C 2020"]
[Site "chess.com INT"]
[Date "2020.08.16"]
[Round "8.3"]
[Board "1"]
[White "Studer, Noel"]
[Black "Dvirnyy, Danyyil"]
[Result "1/2-1/2"]
[WhiteTitle "GM"]
[BlackTitle "GM"]
[WhiteElo "2573"]
[BlackElo "2485"]
[WhiteTeam "Switzerland"]
[BlackTeam "Italy"]
[WhiteFideId "1319620"]
[BlackFideId "817570"]
[EventDate "2020.08.14"]
[EventType "team"]

1. d4 Nf6 2. c4 e6 3. Nf3 d5 4. g3 Be7 5. Bg2 O-O 6. O-O dxc4 7. Qc2 a6 8. a4
Bd7 9. Qxc4 Bc6 10. Bg5 Nbd7 11. Nc3 a5 12. Rfe1 h6 13. Bxf6 Nxf6 14. e4 Bb4 15.
Ne5 Ra6 16. Re2 Nd7 17. Nxc6 Rxc6 18. Qb3 Rb6 19. Qc2 c6 20. Rd1 Qe7 21. e5 Rd8
22. Rd3 Nf8 23. Ne4 Rd7 24. Qd1 Qd8 25. Rc2 Be7 26. b3 Rb4 27. Rc4 Ng6 28. Bf1
Rxc4 29. bxc4 c5 30. f4 Rxd4 31. Rxd4 cxd4 32. c5 Nf8 33. Nd6 Nd7 34. Nxb7 Qc7
35. c6 Qxc6 36. Nxa5 Qa8 37. Nc4 d3 38. Bg2 Qa7+ 39. Kh1 Qd4 40. Na5 d2 41. Nc6
Qe3 42. Nxe7+ Kf8 43. Bf3 Nc5 44. Nc6 Nd3 45. Qf1 Ne1 46. Bd1 Qe4+ 47. Kg1 Qxc6
48. Qf2 Qc1 49. Qe2 Nc2 50. Kf2 g6 51. a5 Nd4 52. Qf1 Qc5 53. Qd3 Nb3+ 54. Kg2
Nxa5 55. Qd8+ Kg7 56. Qf6+ Kg8 57. Qd8+ Kh7 58. Qxd2 Nc4 59. Qf2 Ne3+ 60. Kf3
Qd5+ 61. Kxe3 Qxd1 62. Qe2 Qh1 63. Qf2 Kg7 64. h4 Qd5 65. Qd2 Qc5+ 66. Kf3 Qb5
67. Kg2 Qc6+ 68. Kh2 Qf3 69. Qd8 Qf2+ 70. Kh3 Qg1 71. Qf6+ Kg8 72. Qd8+ Kg7 73.
Qf6+ Kg8 74. Qd8+ Kh7 75. Qa8 Qf1+ 76. Kh2 Qf2+ 77. Kh3 Qf1+ 78. Kh2 Qf2+ 79.
Kh3 Qf1+ 1/2-1/2